Prénoms commençant par la lettre "F" - Statistiques

Statistiques générales
  • Ce quiz a été pris 141 fois
  • Le résultat moyen est 8 sur 22
Statistiques - réponses
Indice Prénom % Correct
Capitale de la Toscane Florence
90%
Ma liberté de penser Florent
82%
Marque française de farine Francine
67%
Personnage de dessin animé américain : ----- le chat Félix
66%
La dame de Haute-Savoie Francis
59%
Mère de Cosette Fantine
56%
« Allô, tonton, pourquoi tu tousses ? » Fernand
54%
Café célèbre du Bd St-Germain à Paris Flore
50%
Roman de George Sand (1850) ----- Le Champi François
45%
Titre d'une chanson de Brassens Fernande
44%
C'est dans un coin du bois d'Boulogne que j'ai rencontré ---- Félicie
38%
Station de la ligne 2 du métro de Paris : "Colonel ---- Fabien
34%
Norway puis Blue Lady France
32%
Le canal de Suez Ferdinand
31%
Orane Demazis Fanny
20%
Samia Nassri dans "Plus belle le vie" Fabienne
17%
Héros romantique de Stendhal dans "La chartreuse de Parme" Fabrice
16%
------ et le Bel Été, un film français de Nina Companeez (1972) Faustine
14%
Le mistral Frédéric
14%
Jean-François Grandin Frank
10%
Premier évêque d'Amiens Firmin
6%
Il est riche Fortuné
5%
Aucun quiz correspondant
Distribution des résultats
% des personnes avec chaque résultat
Percentile par nombre de réponses
Votre historique - résultats
Vous n’avez pas pris ce quiz